| 000 | 00797ntm a22002297a 4500 | ||
|---|---|---|---|
| 005 | 20170814131318.0 | ||
| 008 | 170802s2014 xx a frb 000 0 eng d | ||
| 040 |
_aEG-ScBUE _beng _cEG-ScBUE |
||
| 082 | 0 | 4 |
_222 _a624 _bBAD |
| 100 | 1 | _aBadra, Islam Ayman Mohamed. | |
| 245 | 1 | 0 |
_aDesign project / _cIslam Ayman Mohamed Badra. |
| 260 | _c2014. | ||
| 300 |
_aiii. 63 p. : _bill. (col.) ; _c28 cm. |
||
| 500 | _aA design brief submitted to the faculty of engineering, the British University in Egypt, in partial fulfillment of the requirements for the bachelor degree in civil engineering | ||
| 590 | _aRAHMA KHALED | ||
| 650 | 7 |
_2BUEsh _aCivil engineering _vProjects |
|
| 653 |
_bENGCIV _cAugust2017 |
||
| 655 | _vSPRO | ||
| 700 | 1 |
_aHelmy, Amr Ibrahim, _eths. |
|
| 777 | _ASPRO | ||
| 942 | _2ddc | ||
| 999 |
_c25328 _d25300 |
||